Stati attraversati dal Tropico del Capricorno - Statistics

Statistiche generali
  • Questo quiz è stato fatto 14 volte
  • Il punteggio medio è 9 su 10
Statistiche sulle risposte
Continente Stato % Corretto
America del Sud Argentina
100%
Africa Sudafrica
100%
America del Sud Cile
92%
Africa Namibia
92%
Oceania Australia
83%
Africa Botswana
83%
America del Sud Brasile
83%
Africa Mozambico
75%
America del Sud Paraguay
75%
Africa Madagascar
67%
Nessun quiz corrispondente trovato
Distribuzione punteggi
Percentuale di utenti per punteggio
Percentile per numero di risposta
I tuoi punteggi nel tempo
Non hai fatto questo quiz